Kinetics of Silane Grafting and moisture crosslinking of polyethylene and ethylene propylene rubber (Record no. 61874)

MARC details
000 -LEADER
fixed length control field 00399nam a2200121Ia 4500
100 ## - MAIN ENTRY--AUTHOR NAME
Personal name Sen A K
245 #0 - TITLE STATEMENT
Title Kinetics of Silane Grafting and moisture crosslinking of polyethylene and ethylene propylene rubber
260 ## - PUBLICATION, DISTRIBUTION, ETC. (IMPRINT)
Name of publisher Journal of Applied Polymer Science
Year of publication 1992
300 ## - PHYSICAL DESCRIPTION
Number of Pages 1153-1164
650 ## - SUBJECT ADDED ENTRY--TOPICAL TERM
Topical Term Ethylene Propylene rubber
942 ## - ADDED ENTRY ELEMENTS (KOHA)
Koha item type Journals
Holdings
Withdrawn status Lost status Damaged status Not for loan Home library Current library Date acquired Serial Enumeration / chronology Koha item type
      Journals RRII Library RRII Library 17/12/2021 Volume 44, Issue 7 Journals